Regional report (Record no. 80343)

MARC details
000 -LEADER
fixed length control field 00872cab a22002055a 4500
001 - CONTROL NUMBER
control field L144106
008 - FIXED-LENGTH DATA ELEMENTS--GENERAL INFORMATION
fixed length control field 080618e20080613xxka f 000 0 eng d
035 ## - SYSTEM CONTROL NUMBER
System control number (Sirsi) u144106
041 0# - LANGUAGE CODE
Language code of text/sound track or separate title eng
100 1# - MAIN ENTRY--PERSONAL NAME
Personal name Unger, Paul
245 00 - TITLE STATEMENT
Title Regional report
Remainder of title Lancashire and Cumbria
260 ## - PUBLICATION, DISTRIBUTION, ETC.
Date of publication, distribution, etc. 2008
490 #0 - SERIES STATEMENT
Series statement Property Week
Volume/sequential designation 73(24) 13 June 2008, 82-83(2), 77-89(6)
520 ## - SUMMARY, ETC.
Summary, etc. Reports on market news and deals from around the region. Discusses plans to use the expansion of airports at Blackpool and Carlisle to turn the towns into international business locations. Examines how further education colleges are redeveloping their campuses. Looks at retail development rivalry between Blackburn, Blackpool and Preston.
590 ## - LOCAL NOTE (RLIN)
Local note KA
651 #4 - SUBJECT ADDED ENTRY--GEOGRAPHIC NAME
Geographic name Lancashire
651 #4 - SUBJECT ADDED ENTRY--GEOGRAPHIC NAME
Geographic name Cumbria
690 ## - LOCAL SUBJECT ADDED ENTRY--TOPICAL TERM (OCLC, RLIN)
Topical term or geographic name as entry element PROPERTY-COMMERCIAL PROPERTY-COMMERCIAL PROPERTY MARKET
942 ## - ADDED ENTRY ELEMENTS (KOHA)
Suppress in OPAC 0
Holdings
Withdrawn status Lost status Source of classification or shelving scheme Damaged status Not for loan Home library Current library Shelving location Date acquired Total Checkouts Full call number Barcode Date last seen Copy number Price effective from Koha item type
    Dewey Decimal Classification     London London Journal article 26/06/2008   L144106 144106-1001 06/08/2019 1 06/08/2019 Journal article